निळे पक्षी / (Record no. 51263)

MARC details
000 -LEADER
fixed length control field 01113nam a22002537a 4500
005 - DATE AND TIME OF LATEST TRANSACTION
control field 20110328112546.0
008 - FIXED-LENGTH DATA ELEMENTS--GENERAL INFORMATION
fixed length control field 110328t xxu||||| |||| 00| 0 mar d
010 ## - LCCN (DPL NO)
LC control number MAR-20650
020 ## - INTERNATIONAL STANDARD BOOK NUMBER
International Standard Book Number 9788174922885
Terms of availability 140.00
035 ## - SYSTEM CONTROL NUMBER
System control number MR-13308
037 ## - SOURCE OF ACQUISITION
Source of stock number/acquisition DBAD / PUB
040 ## - CATALOGING SOURCE
Original cataloging agency DPL
Language of cataloging MR
082 ## - DEWEY DECIMAL CLASSIFICATION NUMBER
Classification number 891.46301
100 ## - MAIN ENTRY--PERSONAL NAME
Personal name पांढरीपांडे,विजय
9 (RLIN) 26802
245 ## - TITLE STATEMENT
Title निळे पक्षी /
Statement of responsibility, etc विजय पांढरीपांडे
246 ## - VARYING FORM OF TITLE
Title proper/short title Nile Pakshee
Remainder of title by Vijay Pandripandey
260 ## - PUBLICATION, DISTRIBUTION, ETC. (IMPRINT)
Place of publication, distribution, etc पुणे
Name of publisher, distributor, etc दिलीपराज प्रकाशन
Date of publication, distribution, etc 2011
270 ## - ADDRESS
Address 251 क,शनिवार पेठ
City पुणे
Postal code 411030
300 ## - PHYSICAL DESCRIPTION
Extent 136 पृ
Dimensions 21 सेमी (अजिल्द)
650 ## - SUBJECT ADDED ENTRY--TOPICAL TERM
Topical term or geographic name as entry element मराठी कथासंग्रह
9 (RLIN) 26803
650 ## - SUBJECT ADDED ENTRY--TOPICAL TERM
Topical term or geographic name as entry element Marathi Short Story
9 (RLIN) 26804
942 ## - ADDED ENTRY ELEMENTS (KOHA)
Source of classification or shelving scheme Dewey Decimal Classification
Item type Marathi Books
Classification part 891.46301
Call number suffix पांढरी
Holdings
Withdrawn status Lost status Source of classification or shelving scheme Damaged status Not for loan Collection code Home library Current library Date acquired Source of acquisition Cost, normal purchase price Total Checkouts Full call number Barcode Date last seen Copy number Cost, replacement price Koha item type
    Dewey Decimal Classification   Not For Loan Fiction D.B.Act.Division D.B.Act.Division 28/03/2011 DBAD / PUB 140.00   891.46301 पांढरी MR-13308 28/03/2011 1 140.00 Marathi Books

© Delhi Public Library
Hit Counter
free hit counter